| 000 | 00000cam 2200000zi 4500 |
| 001 | 9.963071 |
| 003 | CaOODSP |
| 005 | 20260526092653 |
| 006 | m o d f |
| 007 | cr |n||||||||| |
| 008 | 260526t20202020onc ob f000 0 eng d |
| 040 | |aCaOODSP|beng|erda|cCaOODSP |
| 043 | |an-cn--- |
| 086 | 1 |aM183-2/8309E-PDF |
| 100 | 1 |aDavis, W. J., |eauthor. |
| 245 | 10|aAlpha recoil loss of Pb from baddeleyite evaluated by High Resolution Ion Microprobe (SHRIMP II) depth profiling and numerical modelling : |bimplications for the interpretation of U-Pb ages in small baddeleyite crystals — supplemental data files / |cW.J. Davis and D.W. Davis. |
| 264 | 1|aOttawa, Ontario : |bGeological Survey of Canada, |c2020. |
| 264 | 4|c©2020 |
| 300 | |a1 online resource (2 pages). |
| 336 | |atext|btxt|2rdacontent |
| 337 | |acomputer|bc|2rdamedia |
| 338 | |aonline resource|bcr|2rdacarrier |
| 490 | 1 |aOpen file ; |v8309 |
| 504 | |aIncludes bibliographical references (page 2). |
| 650 | 0|aGeology, Stratigraphic. |
| 650 | 0|aRadioactive decay. |
| 650 | 0|aZirconium|xIsotopes|xDecay. |
| 650 | 0|aUranium-lead dating. |
| 650 | 6|aStratigraphie. |
| 650 | 6|aDécroissance radioactive. |
| 650 | 6|aZirconium|xIsotopes|xDécroissance. |
| 650 | 6|aDatation|xMéthode uranium-plomb. |
| 710 | 2 |aGeological Survey of Canada, |eissuing body. |
| 830 | #0|aOpen file (Geological Survey of Canada)|v8309.|w(CaOODSP)9.506878 |
| 856 | 40|qPDF|s336 KB|uhttps://publications.gc.ca/collections/collection_2026/rncan-nrcan/m183-2/M183-2-8309-eng.pdf |
| 856 | 4 |qHTML|sN/A|uhttps://doi.org/10.4095/327563 |